Les pays avec les réserves de pétrole les plus importantes - Statistiques

Statistiques générales
  • Ce quiz a été pris 89 fois
  • Le résultat moyen est 15 sur 20
Statistiques - réponses
Rang Pays % Correct
2 Arabie Saoudite
97%
11 Etats-Unis
97%
9 Russie
97%
3 Iran
94%
5 Irak
92%
14 Chine
91%
15 Qatar
87%
8 Emirats Arabes Unis
86%
17 Algérie
83%
7 Koweit
83%
4 Canada
82%
16 Brésil
79%
1 Venezuela
79%
20 Norvège
74%
10 Libye
70%
12 Nigeria
66%
13 Kazakhstan
64%
6 Somalie
29%
19 Equateur
23%
18 Guyana
17%
Aucun quiz correspondant
Distribution des résultats
% des personnes avec chaque résultat
Percentile par nombre de réponses
Votre historique - résultats
Vous n’avez pas pris ce quiz